000 00577nam a2200193Ia 4500
003 IN-BaIIA
008 211028s9999 xx 000 0 eng d
040 _cIIA Library
080 _a552.5:083.8
_bTAB
100 _aSimpson, G. C.
245 0 _aTables for the reduction of meteorological observations in India
_cSimpson G. C.
260 _aCalcutta
_bGovernment of India Press
_c1925
300 _axiii, 111p.
650 _aEarth Atmospheres
_9276
650 _aMeteorological-Tables
_9277
650 _aNASA Thesaurus
_9100
650 _aTables-Meteorology
_9278
942 _cBK
999 _c133
_d133